|
|
|
|
| LEADER |
01652nam a22003017a 4500 |
| 001 |
AAL9035 |
| 003 |
BD-DhAAL |
| 005 |
20170523124747.0 |
| 008 |
170523m20132005 ||||| |||| 00| 0 eng d |
| 999 |
|
|
|c 38164
|d 38164
|
| 020 |
|
|
|a 9780007523528
|
| 040 |
|
|
|a BD-DhAAL
|c BD-DhAAL
|
| 082 |
|
|
|a 823.92
|
| 100 |
|
|
|a Green, John
|9 21621
|
| 245 |
|
|
|a Looking for Alaska /
|c John Green
|
| 260 |
|
|
|a New Delhi :
|b Thomson Press,
|c 2006.
|
| 300 |
|
|
|a 272 p.
|c 22 cm.
|
| 541 |
|
|
|e 9035
|
| 650 |
|
|
|a Interpersonal relations
|v Juvenile fiction.
|9 21622
|
| 650 |
|
|
|a Boarding schools
|v Juvenile fiction.
|9 21623
|
| 650 |
|
|
|a Schools
|v Juvenile fiction.
|9 21624
|
| 852 |
|
|
|a Savar Campus Library
|c General Shelf
|
| 942 |
|
|
|2 ddc
|c BK
|
| 952 |
|
|
|0 0
|1 0
|2 ddc
|4 0
|6 823_920000000000000_GRE
|7 0
|9 60793
|a SCL
|b SCL
|c GEN
|d 2017-05-23
|e Tajin Boi Gar
|g 80.00
|l 2
|m 3
|o 823.92 GRE
|p 3020009035
|r 2018-05-16
|s 2018-05-16
|t 1
|w 2017-05-23
|y BK
|
| 952 |
|
|
|0 0
|1 0
|2 ddc
|4 0
|6 823_920000000000000_GRE
|7 0
|9 60794
|a SCL
|b SCL
|c GEN
|d 2017-05-23
|e Tajin Boi Gar
|g 80.00
|l 20
|m 66
|o 823.92 GRE
|p 3020009038
|r 2025-10-21
|s 2025-10-11
|t 2
|w 2017-05-23
|y BK
|
| 952 |
|
|
|0 0
|1 0
|2 ddc
|4 0
|6 823_920000000000000_GRE
|7 0
|9 60795
|a SCL
|b SCL
|c GEN
|d 2017-05-23
|e Tajin Boi Gar
|g 80.00
|l 18
|m 73
|o 823.92 GRE
|p 3020009036
|r 2025-01-11
|s 2024-11-22
|t 3
|w 2017-05-23
|y BK
|
| 952 |
|
|
|0 0
|1 0
|2 ddc
|4 0
|6 823_920000000000000_GRE
|7 0
|9 60796
|a SCL
|b SCL
|c GEN
|d 2017-05-23
|e Tajin Boi Gar
|g 80.00
|l 16
|m 71
|o 823.92 GRE
|p 3020009037
|r 2025-08-26
|s 2025-08-21
|t 4
|w 2017-05-23
|y BK
|
| 952 |
|
|
|0 0
|1 0
|2 ddc
|4 0
|6 823_920000000000000_GRE
|7 0
|9 60797
|a SCL
|b SCL
|c GEN
|d 2017-05-23
|e Tajin Boi Gar
|g 80.00
|l 25
|m 96
|o 823.92 GRE
|p 3020009039
|r 2025-12-28
|s 2025-10-11
|t 5
|w 2017-05-23
|y BK
|